Introducción a la estrategia
Saved in:
| Main Author: | |
|---|---|
| Format: | Book |
| Language: | Spanish |
| Published: |
Buenos Aires :
Pleamar,
1979
|
| Series: | Estrategia y política
|
| Subjects: |
| LEADER | 00521nam#a2200193#a#4500 | ||
|---|---|---|---|
| 001 | 003161 | ||
| 005 | 20160721142717.0 | ||
| 008 | 961001s1979####ag##################spa#d | ||
| 040 | |a AR-beUNQ | ||
| 099 | |a 31-R4 | ||
| 100 | 1 | |a Rattenbach, Augusto Benjamín | |
| 245 | 0 | 2 | |a Introducción a la estrategia |c Augusto Benjamín Rattenbach. |
| 260 | |a Buenos Aires : |b Pleamar, |c 1979 | ||
| 300 | |a 125 p | ||
| 490 | 0 | |a Estrategia y política | |
| 650 | 7 | |a ESTRATEGIA MILITAR |2 Spines | |
| 929 | |j 18204 | ||
| 942 | |c LIB |n 0 | ||
| 999 | |c 5937 |d 81324 | ||